| 000 | 00917cam a22002293a 4500 | ||
|---|---|---|---|
| 001 | 35577 | ||
| 003 | PGUSA | ||
| 005 | 20140828083751.0 | ||
| 008 | 110314s2011||||xxu|||||s|||||000 | eng d | ||
| 040 |
_aPGUSA _beng |
||
| 042 | _adc | ||
| 100 | 1 | _aGoulbat, Abraam Abraamovich | |
| 245 | 1 | 0 |
_aCaucasian Legends _h[electronic resource] / _cAbraam Abraamovich Goulbat |
| 260 |
_bProject Gutenberg, _c2011 |
||
| 505 | 0 | _aThe rain -- Bakarr I., tsar of Georgia -- The incombustible tulip -- Saint Nina -- The diamond -- Happiness is within us -- The tribute of roses -- The lot of the holy Virgin -- The comet -- The jewel necklace -- St. Mourvanoss --Zesva -- The Tale of Mikhian | |
| 506 | _aPublic domain in the USA. | ||
| 516 | _aElectronic text | ||
| 700 | 1 |
_aWesselitsky-Bojidarovitch, Sergei de, _d1882- |
|
| 830 | 0 |
_aProject Gutenberg _v35577 |
|
| 856 | 4 | 0 | _uhttp://www.gutenberg.org/ebooks/35577 |
| 942 | _cEB | ||
| 999 |
_c264832 _d264832 |
||